Power system analysis (Record no. 1347)

000 -LEADER
fixed length control field 00590nam a2200229 a 4500
001 - CONTROL NUMBER
control field 1347
003 - CONTROL NUMBER IDENTIFIER
control field BD-DhUET
008 - FIXED-LENGTH DATA ELEMENTS--GENERAL INFORMATION
fixed length control field 931008s1994 nyua 001 0 eng
020 ## - INTERNATIONAL STANDARD BOOK NUMBER
International Standard Book Number 0070585156
020 ## - INTERNATIONAL STANDARD BOOK NUMBER
International Standard Book Number 0071133380
040 ## - CATALOGING SOURCE
Original cataloging agency DLC
Transcribing agency DLC
Modifying agency BD-DhUET
082 00 - DEWEY DECIMAL CLASSIFICATION NUMBER
Classification number 623.19
Item number GRA/1994
100 1# - MAIN ENTRY--PERSONAL NAME
Personal name Grainger, John J.
245 10 - TITLE STATEMENT
Title Power system analysis
250 ## - EDITION STATEMENT
Edition statement 1st ed.
260 ## - PUBLICATION, DISTRIBUTION, ETC. (IMPRINT)
Place of publication, distribution, etc. New York
Name of publisher, distributor, etc. McGraw-Hill
Date of publication, distribution, etc. 1994
300 ## - PHYSICAL DESCRIPTION
Extent xix, 787 p.
Other physical details ill.
504 ## - BIBLIOGRAPHY, ETC. NOTE
Bibliography, etc Includes bibliographies
650 #0 - SUBJECT ADDED ENTRY--TOPICAL TERM
Topical term or geographic name as entry element Electric power systems-Management
700 1# - ADDED ENTRY--PERSONAL NAME
Personal name Stevenson, William D.
942 ## - ADDED ENTRY ELEMENTS (KOHA)
Koha item type General Book
Holdings
Koha renewals Lost status Koha date last seen Date acquired Koha normalized classification for sorting Price effective from Location (home branch) Koha full call number Copy number Koha item type Koha issues (times borrowed) Not for loan Koha out on loan Damaged status Piece designation (barcode) Shelving location Source of classification or shelving scheme Sublocation or collection (holding branch) Withdrawn status Koha date last borrowed
  2024-06-012014-09-03623_000000000000000_19GRA19942014-09-03Central Library, BUET623.19/GRA/19941General Book5   103960Circulation section Central Library, BUET 2024-03-04
  2020-01-142014-09-03623_000000000000000_19GRA19942014-09-03Central Library, BUET623.19/GRA/19942General Book1   103961Circulation section Central Library, BUET 2019-05-06
1 2025-11-032014-09-03623_000000000000000_19GRA19942014-09-03Central Library, BUET623.19/GRA/19943General Book3   103962Circulation section Central Library, BUET 2025-07-13
  2025-04-222014-09-03623_000000000000000_19GRA19942014-09-03Central Library, BUET623.19/GRA/19944General Book1   103963Circulation section Central Library, BUET 2019-10-21
  2023-11-272014-09-03623_000000000000000_19GRA19942014-09-03Central Library, BUET623.19/GRA/19945General Book1 2023-12-11 103964Circulation section Central Library, BUET 2023-11-27
  2016-01-262014-09-03623_000000000000000_19GRA19942014-09-03Central Library, BUET623.19/GRA/19946General Book    103965Circulation section Central Library, BUET  
2 2021-12-132014-09-03623_000000000000000_19GRA19942014-09-03Central Library, BUET623.19/GRA/19947General Book1   103966Circulation section Central Library, BUET 2021-02-13
  2022-02-062014-09-03623_000000000000000_19GRA19942014-09-03Central Library, BUET623.19/GRA/19948General Book2 2023-02-06 103967Circulation section Central Library, BUET 2022-02-06
  2025-05-032014-09-03623_000000000000000_19GRA19942014-09-03Central Library, BUET623.19/GRA/19949General Book5 2025-05-17 103968Circulation section Central Library, BUET 2025-05-03
  2015-06-212015-06-21623_190000000000000_GRA_19942015-06-21Central Library, BUET623.19/GRA/199410Reading Item    89529Reading section Central Library, BUET  
  2015-06-212015-06-21623_190000000000000_GRA_19942015-06-21Central Library, BUET623.19/GRA/199411Reading Item    91138Reading section Central Library, BUET  
  2015-07-022015-07-02623_190000000000000_GRA_19942015-07-02Central Library, BUET623.19/GRA/199412Reading Item    90777Reading section Central Library, BUET